<?xml version="1.0" encoding="UTF-8"?>
<marc:record xmlns:marc="http://www.loc.gov/MARC21/slim">
   <marc:leader>00000nam a2200000 a 4500</marc:leader>
   <marc:datafield ind1="1" ind2=" " tag="100">
      <marc:subfield code="a">Hargreaves, Roger</marc:subfield>
      <marc:subfield code="4">aut</marc:subfield>
      <marc:subfield code="e">Verfasser/-in</marc:subfield>
   </marc:datafield>
   <marc:datafield ind1="0" ind2="0" tag="245">
      <marc:subfield code="a">Neues von Mister Glücklich und seinen Freunden</marc:subfield>
   </marc:datafield>
   <marc:datafield ind1=" " ind2="1" tag="264">
      <marc:subfield code="a">München</marc:subfield>
      <marc:subfield code="b">Rieder</marc:subfield>
      <marc:subfield code="c">2022</marc:subfield>
   </marc:datafield>
   <marc:datafield ind1="1" ind2=" " tag="520">
      <marc:subfield code="a">Weiter geht's mit Mister Glücklich und seinen Freunden! Im zweiten Sammelband der berühmten Kinderbuchreihe Mr. Men Little Miss von Roger Hargreaves warten zehn weitere Persönlichkeiten auf euch:&lt;br/&gt;&lt;br/&gt;Miss Prinzessin&lt;br/&gt;Mister Perfekt&lt;br/&gt;Miss Neugierig&lt;br/&gt;Mister Schlampig&lt;br/&gt;Miss Zwilling&lt;br/&gt;Mister Klein&lt;br/&gt;Miss Kommando&lt;br/&gt;Mister Fie&lt;br/&gt;Miss Glanz&lt;br/&gt;Mister Pingelig&lt;br/&gt;&lt;br/&gt;Nicht nur für Kinder, sondern auch für Erwachsene ein kleiner Erkenntnisgewinn. Eltern.de&lt;br/&gt;</marc:subfield>
   </marc:datafield>
   <marc:datafield ind1=" " ind2=" " tag="020">
      <marc:subfield code="a">9783948410193</marc:subfield>
      <marc:subfield code="9">9783948410193</marc:subfield>
   </marc:datafield>
   <marc:datafield ind1=" " ind2=" " tag="041">
      <marc:subfield code="a">ger</marc:subfield>
   </marc:datafield>
   <marc:datafield ind1=" " ind2=" " tag="300">
      <marc:subfield code="a">127 Seiten</marc:subfield>
   </marc:datafield>
</marc:record>
